[Event "WchT Seniors 65"]
[Site "Radebeul"]
[Date "2016.07.04"]
[Round "9.18"]
[White "Montsma, Foppe Jan"]
[Black "Heinze, Peter"]
[Result "1-0"]
[WhiteElo "1825"]
[BlackElo "1635"]
[PlyCount "87"]
[EventDate "2016.06.26"]
[EventType "team-swiss"]
[EventRounds "9"]
[EventCountry "GER"]
[SourceTitle "CBM 173 Extra"]
[Source "ChessBase"]
[SourceDate "2016.08.29"]
[SourceVersion "1"]
[SourceVersionDate "2016.08.29"]
[SourceQuality "1"]
[WhiteTeam "Oranje III"]
[BlackTeam "Dresden TuR"]
[WhiteTeamCountry "NED"]
[BlackTeamCountry "GER"]

1. d4 Nf6 2. Nf3 e6 3. Bf4 d5 4. c3 h6 5. e3 Bd6 6. Bg3 Ne4 7. Nbd2 Nxg3 8. hxg3 Nd7 9. Bd3 Nf6 10. Qe2 c5 11. e4 c4 12. Bc2 dxe4 13. Nxe4 Nxe4 14. Bxe4 Qc7 15. Nd2 Bd7 16. Nxc4 Be7 17. Ne5 Bg5 18. Bd3 a6 19. 0-0 Bf6 20. Nxd7 Qxd7 21. Rfe1 0-0 22. Qe4 g6 23. g4 Rad8 24. Bc4 Qc6 25. Qxc6 bxc6 26. Bxa6 c5 27. dxc5 Rd2 28. Re2 Rxe2 29. Bxe2 Rc8 30. a4 Rxc5 31. a5 Rc7 32. a6 Ra7 33. Bf3 Kf8 34. Bb7 Ke7 35. Rd1 Be5 36. Rd3 Bd6 37. b4 e5 38. b5 Bc7 39. c4 Bb6 40. Rd5 f6 41. c5 Bc7 42. b6 Rxb7 43. axb7 Bb8 44. c6 1-0

[Event "WchT Seniors 65"]
[Site "Radebeul"]
[Date "2016.07.02"]
[Round "7.18"]
[White "Heinze, Peter"]
[Black "Tveten, Per"]
[Result "1-0"]
[WhiteElo "1635"]
[BlackElo "1537"]
[PlyCount "46"]
[EventDate "2016.06.26"]
[EventType "team-swiss"]
[EventRounds "9"]
[EventCountry "GER"]
[SourceTitle "CBM 173 Extra"]
[Source "ChessBase"]
[SourceDate "2016.08.29"]
[SourceVersion "1"]
[SourceVersionDate "2016.08.29"]
[SourceQuality "1"]
[WhiteTeam "Dresden TuR"]
[BlackTeam "Norway III"]
[WhiteTeamCountry "GER"]
[BlackTeamCountry "NOR"]

1. e4 e5 2. Nf3 Nc6 3. d4 exd4 4. Bc4 h6 5. 0-0 Bc5 6. c3 Qf6 7. e5 Qg6 8. cxd4 Bb4 9. d5 Na5 10. Qa4 Nxc4 11. Qxb4 Nb6 12. Nc3 a5 13. Qc5 Ne7 14. d6 Nf5 15. Nb5 0-0 16. Nxc7 Na4 17. Qb5 Qg4 18. Nxa8 Nd4 19. Nxd4 Qxd4 20. Qe2 Nc5 21. Be3 Qxb2 22. Nc7 b6 23. Qg4 f5 1-0